000 00369 a2200157 4500
001 59820
020 _a3789144177
040 _cAnchieta - Pituba
100 _aJacobsson, Anders
240 1 0 _aBerts vorletzte katastrophen
_lpor
245 1 0 _aBerts vorletzte katastrophen
300 _a158
362 0 _a2003
650 4 _aLiteratura juvenil em alemão
942 _cBK
999 _c59820
_d59820